|
|
|
|
| LEADER |
00876cam a2200229 7i4500 |
| 001 |
0000034128 |
| 005 |
20210209090000.0 |
| 008 |
100902 eng |
| 020 |
|
|
|a 9781444332995 (hbk.)
|
| 040 |
|
|
|a DLC
|
| 090 |
0 |
0 |
|a QL496.4
|b .C36 2010
|
| 100 |
1 |
|
|a Capinera, John L
|
| 245 |
1 |
0 |
|a Insects and wildlife :
|b arthropods and their relationships with wild vertebrate animals
|c John L. Capinera.
|
| 260 |
|
|
|a Hoboken, NJ:
|b Wiley-Blackwell,
|c 2010.
|
| 300 |
|
|
|a viii, 487 p.:
|b ill.;
|c 25 cm.
|
| 504 |
|
|
|a Includes bibliographical references and index
|
| 650 |
0 |
0 |
|a Insects --
|x Ecology
|
| 650 |
0 |
0 |
|a Insects as carriers of disease
|
| 650 |
0 |
0 |
|a Vertebrates --
|x Ecology
|
| 650 |
0 |
0 |
|a Vertebrates --
|x Food
|
| 997 |
|
|
|a Engineering & Life Sciences, Faculty
|b Science & Biotechnology, Department
|
| 999 |
|
|
|a 0000045791
|b BOK
|c OPEN SHELF
|e 2nd Floor, Bestari Jaya
|